000 01393cad a22002535a 4500
001 L147708
008 090608s2009 xxkd f s 000 0 eng d
035 _a(Sirsi) u147708
041 0 _aeng
050 0 4 _a346.4104343 $2 18
110 2 _aProperty Industry Alliance
_95725
245 0 0 _aUK occupier satisfaction index 2009
_h[electronic resource]
260 _aCoventry
_RICS
_c2009
490 0 _aUK Occupier Satisfaction Index
_v2009
520 _aAn annual index and opinion survey to measure satisfaction amongst customers of the UK commercial property industry. Considers satisfaction with key elements such as: property supply; lease terms; business relationships; progress with environmental issues; value for money. Finds that the UK Occupier Satisfaction Index 2009 remains at 57%, at the same level as in 2008. Suggests that 43% of occupiers surveyed were satisfied with the increased availability of commercial property, while 50% were dissatisfied with the value for money of service charges.
521 _aAdvanced
590 _aKA NTK
650 2 4 _aUK OCCUPIER SATISFACTION INDEX
651 4 _aUnited Kingdom
_y
690 _aPROPERTY-COMMERCIAL PROPERTY-COMMERCIAL LANDLORD AND TENANT
710 1 _aCorenet Global
_94279
856 4 0 _uhttps://www.rics.org/RICSWEB/getpage.aspx?p=fvcBFIqk60SLdaptOEzi0g
_vView the report free of charge at www.rics.org...
942 _n0
999 _c109696
_d109696